00547nam a2200157 i 4500001000700000003000900007005001700016007000300033008004100036100003300077245012700110260005400237300003000291700004800321852002000369147149ES-MaACL20251015164505.0t|070921s1932 sp ||||1| spa d1 aTurmeda, Anselm, d1352-143210aDisputa del asno / cAnselmo Turmeda (año de 1417) ; traducción del catalán y prólogo de E. Barriobero y Herrán. aMadrid : bC.I.A.P., c1932 (fImp. de Galo Saez) a193 p. : bil. ; c18 cm.1 aBarriobero y Herrán, Eduardo, d1875-1939 aES-MaACLjA-983